[Event "Porto Cristo"]
[Site "Porto Cristo"]
[Date "2023.12.13"]
[Round "4"]
[White "Tattersall Rodriguez, Lester Antonio"]
[Black "Rasti, Arvin"]
[Result "1-0"]
[WhiteElo "2236"]
[BlackElo "2268"]
[PlyCount "67"]
[EventDate "2023.12.11"]
[EventType "tourn"]
[EventRounds "9"]
[EventCountry "ESP"]
[EventCategory "1"]
[SourceTitle "CB52_2023"]
[SourceDate "2023.12.27"]
[SourceVersion "1"]
[SourceVersionDate "2023.12.27"]
[SourceQuality "1"]

1. e4 c5 2. Nf3 d6 3. d4 cxd4 4. Nxd4 Nf6 5. f3 g6 6. c4 Bg7 7. Nc3 0-0 8. Be3 Nc6 9. Be2 Nxd4 10. Bxd4 Be6 11. 0-0 Rc8 12. b3 Qa5 13. f4 Rce8 14. Rc1 Bc8 15. e5 dxe5 16. fxe5 Nd7 17. Rxf7 Bh6 18. Rxf8+ Nxf8 19. Ra1 Ne6 20. b4 Qxb4 21. Nd5 Qa5 22. Bc3 Qc5+ 23. Kh1 Bg5 24. Qe1 b5 25. Bb4 Qc6 26. h4 bxc4 27. Bf3 Qa4 28. hxg5 Kg7 29. Bxe7 Nd4 30. e6 Nxe6 31. Qe5+ Kf7 32. Rf1 Qa6 33. Nc7 Nxc7 34. Bd5# 1-0

[Event "Mallorca-chT Preferente"]
[Site "Mallorca"]
[Date "2021.03.20"]
[Round "3"]
[White "Tattersall Rodriguez, Lester Antonio"]
[Black "Juan Mas, Santiago"]
[Result "1-0"]
[WhiteElo "2218"]
[BlackElo "1923"]
[PlyCount "71"]
[EventDate "2021.03.06"]
[EventType "team-swiss"]
[EventRounds "7"]
[EventCountry "ESP"]
[SourceTitle "EXT 2023"]
[Source "ChessBase"]
[SourceDate "2022.10.05"]
[SourceVersion "1"]
[SourceVersionDate "2022.10.05"]
[SourceQuality "1"]
[WhiteTeam "Llucmajor"]
[BlackTeam "Binissalem"]
[WhiteTeamCountry "ESP"]
[BlackTeamCountry "ESP"]

1. e4 d6 2. d4 Nf6 3. Nc3 c6 4. f4 Qa5 5. Qf3 e5 6. Nge2 Be7 7. dxe5 dxe5 8. fxe5 Ng4 9. Bd2 Bh4+ 10. Ng3 Nxe5 11. Qf4 Ng6 12. Qe3 Qb6 13. 0-0-0 Qxe3 14. Bxe3 Bxg3 15. hxg3 Be6 16. Ne2 Bg4 17. Rd3 Nd7 18. Nf4 Nde5 19. Ra3 0-0-0 20. Bd3 a6 21. Bb6 Rd7 22. Rc3 Nf8 23. a4 Ne6 24. b4 Nxd3+ 25. cxd3 Kb8 26. Kd2 h5 27. b5 cxb5 28. axb5 Nxf4 29. gxf4 Re8 30. Rhc1 f6 31. f5 Rf7 32. Ra1 Rc8 33. Ba7+ Kxa7 34. Rxc8 Re7 35. bxa6 bxa6 36. Rc6 1-0

[Event "Mallorca-chT Preferente"]
[Site "Mallorca"]
[Date "2021.03.13"]
[Round "2"]
[White "Ferrer Roig, Juan"]
[Black "Tattersall Rodriguez, Lester Antonio"]
[Result "0-1"]
[WhiteElo "2037"]
[BlackElo "2218"]
[PlyCount "68"]
[EventDate "2021.03.06"]
[EventType "team-swiss"]
[EventRounds "7"]
[EventCountry "ESP"]
[SourceTitle "EXT 2023"]
[Source "ChessBase"]
[SourceDate "2022.10.05"]
[SourceVersion "1"]
[SourceVersionDate "2022.10.05"]
[SourceQuality "1"]
[WhiteTeam "Mestral Palmanyola"]
[BlackTeam "Llucmajor"]
[WhiteTeamCountry "ESP"]
[BlackTeamCountry "ESP"]

1. e4 c5 2. Nf3 d6 3. c3 Nf6 4. Be2 e6 5. e5 dxe5 6. Nxe5 Bd6 7. d4 cxd4 8. Qxd4 0-0 9. Bg5 Bxe5 10. Qxe5 Nbd7 11. Qd4 h6 12. Bh4 e5 13. Qd6 Re8 14. Bxf6 Nxf6 15. Qxd8 Rxd8 16. Nd2 Nd5 17. g3 Be6 18. Nf3 f6 19. Bc4 Kf8 20. Nd2 Rac8 21. Bb3 Bf5 22. 0-0-0 Nb4 23. Nf1 Nd3+ 24. Rxd3 Bxd3 25. Ne3 Be4 26. Re1 Bf3 27. h4 Rc7 28. g4 g5 29. h5 Rcd7 30. c4 Rd4 31. Rg1 Rf4 32. Bc2 Rdd4 33. Bf5 Be2 34. Be6 Rxf2 0-1

[Event "Mallorca-chT Preferente"]
[Site "Mallorca"]
[Date "2021.03.06"]
[Round "1"]
[White "Estremera Panos, Sergio"]
[Black "Tattersall Rodriguez, Lester Antonio"]
[Result "1-0"]
[WhiteElo "2306"]
[BlackElo "2218"]
[PlyCount "45"]
[EventDate "2021.03.06"]
[EventType "team-swiss"]
[EventRounds "7"]
[EventCountry "ESP"]
[SourceTitle "EXT 2023"]
[Source "ChessBase"]
[SourceDate "2022.10.05"]
[SourceVersion "1"]
[SourceVersionDate "2022.10.05"]
[SourceQuality "1"]
[WhiteTeam "Mallorca Isolani"]
[BlackTeam "Llucmajor"]
[WhiteTeamCountry "ESP"]
[BlackTeamCountry "ESP"]

1. d4 Nf6 2. c4 e6 3. Nc3 Bb4 4. e3 b6 5. Bd2 Bb7 6. Nf3 0-0 7. Bd3 c5 8. a3 Bxc3 9. Bxc3 Ne4 10. Bxe4 Bxe4 11. dxc5 bxc5 12. Qd6 Bxf3 13. gxf3 Qb6 14. Qg3 f6 15. Rg1 g6 16. 0-0-0 e5 17. f4 d6 18. f5 Kg7 19. fxg6 h6 20. Qh3 f5 21. f4 Nd7 22. fxe5 Nxe5 23. Bxe5+ 1-0

[Event "Pomar Memorial op"]
[Site "Palma de Mallorca"]
[Date "2018.11.27"]
[Round "2"]
[White "Vasquez Schroder, Rodrigo Rafael"]
[Black "Tattersall Rodriguez, Lester Antonio"]
[Result "1-0"]
[WhiteElo "2490"]
[BlackElo "2258"]
[PlyCount "84"]
[EventDate "2018.11.26"]
[EventType "swiss"]
[EventRounds "7"]
[EventCountry "ESP"]
[SourceTitle "EXT 2020"]
[Source "ChessBase"]
[SourceDate "2019.10.17"]
[SourceVersion "1"]
[SourceVersionDate "2019.10.17"]
[SourceQuality "1"]

1. d4 Nf6 2. c4 e6 3. Nf3 Bb4+ 4. Bd2 Be7 5. Nc3 d5 6. Bg5 0-0 7. e3 b6 8. Be2 Bb7 9. Bxf6 Bxf6 10. cxd5 exd5 11. Qb3 c6 12. 0-0 Re8 13. Rad1 Na6 14. Rfe1 Nc7 15. Bf1 Qc8 16. e4 c5 17. e5 c4 18. Qc2 Bd8 19. b3 b5 20. bxc4 bxc4 21. g3 Bc6 22. Rb1 Qg4 23. h3 Qg6 24. Qc1 Ne6 25. Bg2 Ba5 26. Qa3 Bb6 27. Rbd1 Rad8 28. Kh2 f5 29. Ne2 Qh6 30. Qc3 Rf8 31. Neg1 g5 32. Ne2 Rd7 33. Nd2 g4 34. f4 Bb7 35. a4 a5 36. Rb1 Bd8 37. Rxb7 Rxb7 38. Bxd5 Qxh3+ 39. Kg1 Re7 40. Qxc4 Qh6 41. Kg2 Kh8 42. Rh1 Qg6 1-0

[Event "Mallorca-ch Preferente"]
[Site "Palma"]
[Date "2017.12.17"]
[Round "6.2"]
[White "Tattersall Rodriguez, Lester Antonio"]
[Black "Altarriba Gracia, Sergio"]
[Result "1-0"]
[WhiteElo "2258"]
[BlackElo "2037"]
[PlyCount "45"]
[EventDate "2017.12.02"]
[EventType "swiss"]
[EventRounds "6"]
[EventCountry "ESP"]
[SourceTitle "EXT 2024"]
[Source "ChessBase"]
[SourceDate "2023.10.10"]
[SourceVersion "1"]
[SourceVersionDate "2023.10.10"]
[SourceQuality "1"]

1. e4 Nf6 2. e5 Nd5 3. d4 d6 4. c4 Nb6 5. exd6 cxd6 6. Nc3 g6 7. h4 h5 8. a4 a5 9. c5 dxc5 10. dxc5 N6d7 11. Nf3 Bg7 12. Be3 0-0 13. Bc4 Nc6 14. Qb3 Nde5 15. Nxe5 Bxe5 16. Rd1 Nd4 17. Qa2 Nc2+ 18. Ke2 Bg4+ 19. f3 Qc8 20. Nd5 Nb4 21. Nxe7+ Kg7 22. Nxc8 Nxa2 23. fxg4 1-0

[Event "Mallorca-ch Preferente"]
[Site "Palma"]
[Date "2017.12.16"]
[Round "5.2"]
[White "Castell Cantero, Salvador"]
[Black "Tattersall Rodriguez, Lester Antonio"]
[Result "1/2-1/2"]
[WhiteElo "2168"]
[BlackElo "2258"]
[PlyCount "90"]
[EventDate "2017.12.02"]
[EventType "swiss"]
[EventRounds "6"]
[EventCountry "ESP"]
[SourceTitle "EXT 2024"]
[Source "ChessBase"]
[SourceDate "2023.10.10"]
[SourceVersion "1"]
[SourceVersionDate "2023.10.10"]
[SourceQuality "1"]

1. e4 e6 2. d4 d5 3. Nc3 Nf6 4. e5 Nfd7 5. f4 c5 6. Nf3 Nc6 7. Be3 a6 8. Qd2 b5 9. a3 g5 10. fxg5 cxd4 11. Nxd4 Ncxe5 12. Bd3 Bg7 13. 0-0 0-0 14. Nce2 Nc4 15. Bxc4 dxc4 16. Ng3 Bb7 17. Nh5 Be5 18. Nf3 Bxf3 19. Rxf3 f5 20. Re1 Qe7 21. Nf4 Nc5 22. g6 Ne4 23. gxh7+ Qxh7 24. Qe2 Rae8 25. Rh3 Qg7 26. c3 Rf7 27. Rd1 Qg4 28. Qf3 Qxf3 29. gxf3 Bxf4 30. Bxf4 e5 31. Bh6 Nc5 32. Rd6 Rd7 33. Rc6 Rd1+ 34. Kg2 Nd3 35. Rg3+ Kh7 36. Rxa6 Nf4+ 37. Bxf4 exf4 38. Rg5 Re2+ 39. Kh3 Rd5 40. Rh5+ Kg7 41. Rh4 Rxb2 42. Rxf4 Rc2 43. a4 Rxc3 44. axb5 Rxb5 45. Rc6 Rc2 1/2-1/2

[Event "Calvia Amateur op 14th"]
[Site "Calvia"]
[Date "2017.10.10"]
[Round "4"]
[White "Tattersall Rodriguez, Lester Antonio"]
[Black "Bullen, Alex"]
[Result "0-1"]
[WhiteElo "2286"]
[BlackElo "2047"]
[PlyCount "96"]
[EventDate "2017.10.07"]
[EventType "swiss"]
[EventRounds "9"]
[EventCountry "ESP"]
[SourceTitle "CBM 181 Extra"]
[Source "ChessBase"]
[SourceDate "2017.12.12"]
[SourceVersion "1"]
[SourceVersionDate "2017.12.12"]
[SourceQuality "1"]

1. e4 c6 2. Nc3 d5 3. Nf3 Bg4 4. d4 e6 5. h3 Bxf3 6. gxf3 Nd7 7. h4 h5 8. Bg5 Be7 9. Rg1 Bxg5 10. Rxg5 Ne7 11. Qd2 Ng6 12. 0-0-0 Qf6 13. Bd3 Nxh4 14. Rg3 Nxf3 15. Qe3 Nxd4 16. exd5 Qh6 17. f4 e5 18. dxc6 Nxc6 19. Bf5 0-0-0 20. Rg5 exf4 21. Qc5 f3 22. Kb1 f2 23. Ne4 f1Q 24. Rxf1 Kb8 25. Qg1 g6 26. Bh3 Qg7 27. Nd6 Nde5 28. Nxf7 Nxf7 29. Rxg6 Qd4 30. Qh2+ Nfe5 31. a3 Ka8 32. Rg7 Nc4 33. Rxb7 Kxb7 34. Rf7+ Ka6 35. c3 Qd1+ 36. Ka2 Qd2 37. Rf2 Qd6 38. Rf4 Rb8 39. Bf1 Rxb2+ 40. Qxb2 Qxf4 41. a4 Rb8 42. Qg2 Kb6 43. a5+ N6xa5 44. Qg1+ Qe3 45. Qg6+ Nc6 46. Bxc4 Qd2+ 47. Ka3 Qxc3+ 48. Bb3 Ka6 0-1

[Event "Calvia Amateur op 14th"]
[Site "Calvia"]
[Date "2017.10.08"]
[Round "2"]
[White "Nettleton, Charlie"]
[Black "Tattersall Rodriguez, Lester Antonio"]
[Result "1/2-1/2"]
[WhiteElo "2000"]
[BlackElo "2286"]
[PlyCount "83"]
[EventDate "2017.10.07"]
[EventType "swiss"]
[EventRounds "9"]
[EventCountry "ESP"]
[SourceTitle "CBM 181 Extra"]
[Source "ChessBase"]
[SourceDate "2017.12.12"]
[SourceVersion "1"]
[SourceVersionDate "2017.12.12"]
[SourceQuality "1"]

1. b3 e5 2. Bb2 Nc6 3. e3 a6 4. Nf3 e4 5. Nd4 Nxd4 6. Bxd4 d5 7. Be2 Qg5 8. g4 h5 9. h4 Qg6 10. g5 Bd6 11. Bb2 f6 12. d3 fxg5 13. dxe4 dxe4 14. Qd4 gxh4 15. Nc3 Nf6 16. 0-0-0 h3 17. Rdg1 Qf5 18. Rxg7 Bc5 19. Qc4 Be6 20. Nd5 0-0-0 21. Qxc5 Nxd5 22. Qa7 Nb6 23. Bxa6 Bd5 24. Bd4 Rdg8 25. Rxg8+ Rxg8 26. Bxb6 cxb6 27. Bf1 h2 28. Qxb6 Rg1 29. Qc5+ Kd7 30. Qb5+ Ke6 31. Rxh2 Qe5 32. Rg2 Qa1+ 33. Kd2 Qxf1 34. Qe8+ Kd6 35. Qd8+ Kc6 36. Qf6+ Kc5 37. Qd4+ Kc6 38. Qf6+ Kc5 39. Qd4+ Kd6 40. Qf6+ Be6 41. Qd4+ Bd5 42. Qf6+ 1/2-1/2

[Event "Palmanova Blau Escacs op 1st"]
[Site "Palmanova"]
[Date "2015.04.13"]
[Round "3"]
[White "Gavrish, Leonid"]
[Black "Tattersall Rodriguez, Lester Antonio"]
[Result "0-1"]
[WhiteElo "2157"]
[BlackElo "2247"]
[PlyCount "72"]
[EventDate "2015.04.11"]
[EventType "swiss"]
[EventRounds "9"]
[EventCountry "ESP"]
[SourceTitle "CBM 166 Extra"]
[Source "ChessBase"]
[SourceDate "2015.06.18"]
[SourceVersion "1"]
[SourceVersionDate "2015.06.18"]
[SourceQuality "1"]

1. d4 Nf6 2. c4 e6 3. Nc3 Bb4 4. e3 b6 5. Nge2 Bb7 6. a3 Be7 7. d5 0-0 8. g3 exd5 9. Bg2 Qc8 10. cxd5 c5 11. 0-0 d6 12. e4 Nbd7 13. h3 Re8 14. g4 g6 15. Ng3 Nf8 16. f4 N6d7 17. g5 a6 18. a4 c4 19. Be3 Nc5 20. f5 Nfd7 21. h4 Ne5 22. Bh3 Qc7 23. h5 Bc8 24. Rf2 Bd7 25. hxg6 fxg6 26. Qf1 Rf8 27. f6 Bd8 28. Bd4 Bxh3 29. Qxh3 Ned3 30. Rh2 Nb3 31. f7+ Rxf7 32. Nf5 Bxg5 33. Qg4 Nxd4 34. Nxd4 Be3+ 35. Kh1 Bxd4 36. Ne2 Nf2+ 0-1

[Event "ESP-chT Autonomicas 4th"]
[Site "Villava"]
[Date "2009.05.01"]
[Round "3"]
[White "Sevilla Subiza, Javier"]
[Black "Tattersall Rodriguez, Lester Antonio"]
[Result "0-1"]
[WhiteElo "1867"]
[BlackElo "2305"]
[PlyCount "106"]
[EventDate "2009.04.30"]
[EventType "team-tourn"]
[EventRounds "6"]
[EventCountry "ESP"]
[SourceTitle "CBM 130 Extra"]
[Source "ChessBase"]
[SourceDate "2009.07.02"]
[SourceVersion "2"]
[SourceVersionDate "2009.07.15"]
[SourceQuality "1"]

1. d4 Nf6 2. c4 g6 3. f3 Bg7 4. e4 d6 5. Nc3 0-0 6. Be3 Nc6 7. Qd2 a6 8. Nge2 Rb8 9. Ng3 e5 10. d5 Nd4 11. Nge2 c5 12. dxc6 Nxc6 13. 0-0-0 Be6 14. Ng3 Nd4 15. Kb1 Nd7 16. h4 h5 17. Bh6 b5 18. Bxg7 Kxg7 19. cxb5 axb5 20. Bd3 b4 21. Nd5 Nb6 22. Nxb6 Rxb6 23. b3 f6 24. Ne2 Nc6 25. g4 hxg4 26. fxg4 Bxg4 27. Rdg1 Qd7 28. h5 g5 29. Bc4 Rh8 30. Qd5 Nd8 31. Ng3 Ne6 32. Qa5 Qb7 33. Bd5 Ra6 34. Bxb7 Rxa5 35. Rc1 Ra7 36. Bd5 Nf4 37. Bc4 Nxh5 38. Nxh5+ Rxh5 39. Rhg1 Bf3 40. Bd5 Rh2 41. Rc2 Rxc2 42. Kxc2 Rxa2+ 43. Kd3 g4 44. Be6 Rg2 45. Rxg2 Bxg2 46. Bxg4 d5 47. Bf5 Bxe4+ 48. Bxe4 dxe4+ 49. Kxe4 Kf7 50. Kd5 Ke7 51. Kc4 e4 52. Kxb4 e3 53. Kc3 f5 0-1

[Event "Calvia Autonomicas-chT"]
[Site "Calvia"]
[Date "2007.05.03"]
[Round "1"]
[White "Cucarella Montell, Angels"]
[Black "Tattersall Rodriguez, Lester Antonio"]
[Result "0-1"]
[WhiteElo "1922"]
[BlackElo "2315"]
[PlyCount "94"]
[EventDate "2007.05.03"]
[EventType "team"]
[EventRounds "5"]
[EventCountry "ESP"]
[SourceTitle "CBM 118 Extra"]
[Source "ChessBase"]
[SourceDate "2007.07.04"]
[SourceVersion "1"]
[SourceVersionDate "2007.07.04"]
[SourceQuality "1"]

1. e4 c5 2. Nf3 d6 3. d4 cxd4 4. Nxd4 Nf6 5. Nc3 a6 6. g3 e5 7. Nb3 Be7 8. Bg2 Qc7 9. a4 b6 10. 0-0 0-0 11. Re1 Be6 12. Nd2 Nc6 13. Nf1 Nb4 14. Ne3 Rac8 15. Re2 Rfd8 16. Rd2 Bf8 17. Ncd5 Nbxd5 18. exd5 Bd7 19. c4 g6 20. b3 Ne8 21. Bb2 Bh6 22. Re2 f5 23. Re1 Nf6 24. f4 exf4 25. Bxf6 fxe3 26. Bxd8 Rxd8 27. Ra2 Re8 28. Qd4 Bg7 29. Qf4 Qc5 30. Rae2 Bc3 31. Rd1 Bd2 32. Kh1 Qb4 33. Qf3 Re5 34. h3 b5 35. axb5 axb5 36. Qf4 Qxb3 37. Ra1 Qxc4 38. Bf3 Qxf4 39. gxf4 Re8 40. Ra7 Bc8 41. Ra2 Kf8 42. Rexd2 exd2 43. Rxd2 Re3 44. Kg2 b4 45. Kf2 Rc3 46. h4 b3 47. Bd1 Ba6 0-1

[Event "Petra"]
[Site "Petra"]
[Date "2005.07.18"]
[Round "2"]
[White "Tattersall Rodriguez, Lester Antonio"]
[Black "Galiana Salom, Juan Ramon"]
[Result "1-0"]
[WhiteElo "2273"]
[BlackElo "2239"]
[PlyCount "127"]
[EventDate "2005.07.18"]
[EventType "tourn"]
[EventRounds "6"]
[EventCountry "ESP"]
[EventCategory "5"]
[SourceTitle "EXT 2006"]
[Source "ChessBase"]
[SourceDate "2005.11.24"]
[SourceVersion "1"]
[SourceVersionDate "2005.11.24"]
[SourceQuality "1"]

1. e4 e6 2. d3 d5 3. Nd2 c5 4. g3 Bd6 5. Bg2 Ne7 6. Ngf3 Nbc6 7. 0-0 0-0 8. Re1 Qc7 9. Qe2 Nd4 10. Nxd4 cxd4 11. Nb3 dxe4 12. Nxd4 exd3 13. Qxd3 a6 14. c4 Ng6 15. b3 Be5 16. Be3 Bd7 17. Rad1 Rad8 18. Qc2 Bc8 19. b4 Bf6 20. Nb3 Bd7 21. Bc5 Be7 22. Bxe7 Nxe7 23. Nd4 e5 24. f4 exd4 25. Rxe7 Qd6 26. Re5 Qxb4 27. Rxd4 Ba4 28. Qd3 Bc2 29. Qe3 Qb1+ 30. Bf1 Rxd4 31. Qxd4 Qxa2 32. Re7 Qb1 33. Qd5 Qb6+ 34. c5 Qc6 35. Qxc6 bxc6 36. Bxa6 Rb8 37. Bb7 Kf8 38. Rc7 Be4 39. Rc8+ Rxc8 40. Bxc8 Bc2 41. Bb7 Ba4 42. Kf2 h5 43. Ke3 Ke7 44. h4 Bb3 45. Ba6 Bd5 46. Be2 g6 47. Kd4 Ke6 48. Bf1 Bf3 49. Bc4+ Kf6 50. Kc3 Be4 51. Kd4 Bf3 52. Ba6 Bd5 53. Bd3 Bg2 54. Kc3 Ke6 55. Kb4 Bf3 56. Ba6 Bd5 57. Bd3 Bf3 58. Ka5 Kd5 59. Kb6 Kd4 60. Bc2 Ke3 61. Ba4 Kf2 62. Bxc6 Bg4 63. Be8 Be6 64. c6 1-0

[Event "Petra"]
[Site "Petra"]
[Date "2005.07.18"]
[Round "1"]
[White "Vidarte Morales, Arturo"]
[Black "Tattersall Rodriguez, Lester Antonio"]
[Result "1-0"]
[WhiteElo "2391"]
[BlackElo "2273"]
[PlyCount "91"]
[EventDate "2005.07.18"]
[EventType "tourn"]
[EventRounds "6"]
[EventCountry "ESP"]
[EventCategory "5"]
[SourceTitle "EXT 2006"]
[Source "ChessBase"]
[SourceDate "2005.11.24"]
[SourceVersion "1"]
[SourceVersionDate "2005.11.24"]
[SourceQuality "1"]

1. c4 Nf6 2. Nc3 g6 3. e4 d6 4. d4 Bg7 5. f3 0-0 6. Bg5 c5 7. d5 a6 8. a4 Nbd7 9. Nh3 Qa5 10. Nf2 Ne5 11. Ra3 h6 12. Be3 Rb8 13. Be2 Qc7 14. 0-0 e6 15. Qd2 exd5 16. cxd5 Kh7 17. Rc1 Ne8 18. f4 Nd7 19. Ncd1 Ndf6 20. b4 Qe7 21. e5 dxe5 22. bxc5 Qd8 23. Nc3 Ng8 24. Nd3 e4 25. Ne5 Nef6 26. Rb3 Ne7 27. d6 Nf5 28. Nc6 bxc6 29. Rxb8 Nd7 30. Ra8 Qa5 31. Nxe4 Qxa4 32. Rc4 Qa1+ 33. Bf1 Re8 34. Bf2 h5 35. Ng5+ Kg8 36. Rc1 Qa4 37. Bc4 Nh6 38. Qa2 Qxa2 39. Bxa2 Kf8 40. Re1 Rd8 41. Bxf7 Bf6 42. Be6 Ng4 43. Nh7+ Kg7 44. Nxf6 Ngxf6 45. Bd4 Rf8 46. Rxc8 1-0

[Event "Son Servera"]
[Site "Son Servera"]
[Date "2004.02.25"]
[Round "6"]
[White "Tattersall Rodriguez, Lester Antonio"]
[Black "Gaya Llodra, Juan"]
[Result "1/2-1/2"]
[WhiteElo "2275"]
[BlackElo "2230"]
[PlyCount "25"]
[EventDate "2004.02.22"]
[EventType "tourn"]
[EventRounds "9"]
[EventCountry "ESP"]
[EventCategory "3"]
[SourceTitle "EXT 2005"]
[Source "ChessBase"]
[SourceDate "2004.11.15"]
[SourceVersion "1"]
[SourceVersionDate "2004.11.15"]
[SourceQuality "1"]

1. e4 e6 2. d4 d5 3. exd5 exd5 4. c4 Nf6 5. Nc3 Be7 6. Nf3 0-0 7. Be2 c6 8. 0-0 Bf5 9. Bg5 Ne4 10. Bxe7 Qxe7 11. cxd5 Nxc3 12. bxc3 cxd5 13. Ne5 1/2-1/2

[Event "Son Servera"]
[Site "Son Servera"]
[Date "2004.02.25"]
[Round "5"]
[White "Tattersall Rodriguez, Lester Antonio"]
[Black "Souleidis, Georgios"]
[Result "0-1"]
[WhiteElo "2275"]
[BlackElo "2395"]
[PlyCount "78"]
[EventDate "2004.02.22"]
[EventType "tourn"]
[EventRounds "9"]
[EventCountry "ESP"]
[EventCategory "3"]
[SourceTitle "EXT 2005"]
[Source "ChessBase"]
[SourceDate "2004.11.15"]
[SourceVersion "1"]
[SourceVersionDate "2004.11.15"]
[SourceQuality "1"]

1. Nf3 Nf6 2. c4 g6 3. Nc3 Bg7 4. e4 d6 5. d4 0-0 6. Be2 e5 7. 0-0 Na6 8. Be3 Ng4 9. Bg5 Qe8 10. d5 f5 11. Nd2 Nf6 12. f3 h6 13. Be3 f4 14. Bf2 g5 15. Rb1 Qg6 16. b4 g4 17. Re1 g3 18. hxg3 fxg3 19. Be3 Nh5 20. c5 Nf4 21. Nf1 h5 22. Bxa6 bxa6 23. Ne2 h4 24. Nxf4 exf4 25. Bd4 h3 26. e5 hxg2 27. Kxg2 dxe5 28. Bxe5 Bh3+ 29. Kg1 Bxf1 30. Kxf1 Qh5 31. d6 Qh3+ 32. Ke2 Rae8 33. Qb3+ Rf7 34. Kd3 Rxe5 35. Rxe5 Bxe5 36. Re1 cxd6 37. cxd6 Qf5+ 38. Kd2 Bxd6 39. Re8+ Bf8 0-1

[Event "Palma de Mallorca Mestres 1st"]
[Site "Palma de Mallorca"]
[Date "2003.01.11"]
[Round "5"]
[White "Tattersall Rodriguez, Lester Antonio"]
[Black "Gonzalez Arribas, Vidal Alejandro"]
[Result "1-0"]
[WhiteElo "2303"]
[BlackElo "2107"]
[PlyCount "129"]
[EventDate "2002.12.28"]
[EventType "tourn"]
[EventRounds "9"]
[EventCountry "ESP"]
[SourceTitle "EXT 2006"]
[Source "ChessBase"]
[SourceDate "2005.11.24"]
[SourceVersion "1"]
[SourceVersionDate "2005.11.24"]
[SourceQuality "1"]

1. Nf3 d5 2. g3 Bg4 3. Bg2 Nd7 4. c4 e6 5. 0-0 Ngf6 6. b3 Bd6 7. Bb2 0-0 8. d4 Bxf3 9. Bxf3 c6 10. Nd2 Re8 11. e4 dxe4 12. Nxe4 Nxe4 13. Bxe4 e5 14. Re1 exd4 15. Bxd4 Nf6 16. Bc2 Rxe1+ 17. Qxe1 Qe7 18. Qc3 Bc5 19. Bxc5 Qxc5 20. b4 Qf8 21. Rd1 Rd8 22. c5 Rxd1+ 23. Bxd1 Nd5 24. Qd4 Qe7 25. Kf1 a5 26. bxa5 Nc7 27. Be2 Kf8 28. Qb4 Nd5 29. Qd4 Nc7 30. Qb4 Nd5 31. Qd4 Nc7 32. Qb2 Na6 33. Bxa6 bxa6 34. Qb8+ Qe8 35. Qb7 Qe4 36. Qc8+ Ke7 37. Qb7+ Kf6 38. Qxa6 Qh1+ 39. Ke2 Qe4+ 40. Kf1 Qh1+ 41. Ke2 Qe4+ 42. Kd2 Qb4+ 43. Kd3 Qb1+ 44. Ke3 Qc1+ 45. Kf3 Qh1+ 46. Ke3 Qc1+ 47. Kd4 Qa1+ 48. Ke4 Qe5+ 49. Kd3 Qd5+ 50. Kc3 Qxc5+ 51. Kb3 Qd5+ 52. Qc4 Qd1+ 53. Kb4 Qd6+ 54. Qc5 Qb8+ 55. Kc3 Qe8 56. Qd6+ Kf5 57. Qd3+ Kf6 58. a6 Qe1+ 59. Qd2 Qa1+ 60. Kc4 Qf1+ 61. Qd3 Qh3 62. Qd6+ Kg5 63. f4+ Kh5 64. Qe5+ f5 65. Qe2+ 1-0